Francisco Castro Leñero : (Registro nro. 25173)
[ vista simple ]
| 000 -LEADER | |
|---|---|
| fixed length control field | 01492cam a2200349 i 4500 |
| 001 - CONTROL NUMBER | |
| control field | 25173 |
| 003 - CONTROL NUMBER IDENTIFIER | |
| control field | Mx-PuUPA |
| 005 - DATE AND TIME OF LATEST TRANSACTION | |
| control field | 20251009111104.0 |
| 008 - FIXED-LENGTH DATA ELEMENTS--GENERAL INFORMATION | |
| fixed length control field | 140415s2023 mx a gr 001 0 spa d |
| 020 ## - INTERNATIONAL STANDARD BOOK NUMBER | |
| International Standard Book Number | 9786076057742 |
| 040 ## - CATALOGING SOURCE | |
| Transcribing agency | Mx-PuUPA |
| Original cataloging agency | Mx-PuUPA |
| Language of cataloging | spa |
| Modifying agency | Mx-PuUPA |
| Description conventions | rda |
| 041 0# - LANGUAGE CODE | |
| Language code of text/sound track or separate title | spa |
| 043 ## - GEOGRAPHIC AREA CODE | |
| Geographic area code | n-mx--- |
| 100 1# - MAIN ENTRY--PERSONAL NAME | |
| Personal name | Castro Leñero, Francisco, |
| Dates associated with a name | 1954- |
| 9 (RLIN) | 17427 |
| Relator term | autor |
| 245 10 - TITLE STATEMENT | |
| Title | Francisco Castro Leñero : |
| Remainder of title | una lógica de la belleza / |
| Statement of responsibility, etc. | Francisco Castro Leñero ; Alejandra de la Paz, coordinación general ; Instituto Nacional de Bellas Artes, [editor] |
| 264 #1 - PRODUCTION, PUBLICATION, DISTRIBUTION, MANUFACTURE, AND COPYRIGHT NOTICE | |
| Place of production, publication, distribution, manufacture | Ciudad de México : |
| Name of producer, publisher, distributor, manufacturer | Instituto Nacional de Bellas Artes, |
| Date of production, publication, distribution, manufacture, or copyright notice | 2023 |
| 300 ## - PHYSICAL DESCRIPTION | |
| Extent | 148 páginas : |
| Other physical details | ilustraciones (principalmente a color) ; |
| Dimensions | 28 cm |
| 336 ## - CONTENT TYPE | |
| Fuente | rdacontent |
| Content type term | texto |
| Content type code | txt |
| 336 ## - CONTENT TYPE | |
| Fuente | rdacontent |
| Content type term | imagen fija |
| Content type code | sti |
| 337 ## - MEDIA TYPE | |
| Source | rdamedia |
| Media type term | sin medio |
| Media type code | n |
| 338 ## - CARRIER TYPE | |
| Source | rdacarrier |
| Carrier type term | volumen |
| Carrier type code | nc |
| 600 14 - SUBJECT ADDED ENTRY--PERSONAL NAME | |
| Personal name | Castro Leñero, Francisco, |
| Dates associated with a name | 1954- |
| Form subdivision | Exposiciones |
| 650 #7 - SUBJECT ADDED ENTRY--TOPICAL TERM | |
| Source of heading or term | armarc |
| Topical term or geographic name entry element | Arte Mexicano |
| Chronological subdivision | Siglo XX |
| Form subdivision | Exposiciones |
| 650 #7 - SUBJECT ADDED ENTRY--TOPICAL TERM | |
| Source of heading or term | armarc |
| Topical term or geographic name entry element | Artistas |
| Geographic subdivision | México |
| Chronological subdivision | Siglo XX |
| Form subdivision | Biografía |
| 650 #7 - SUBJECT ADDED ENTRY--TOPICAL TERM | |
| Source of heading or term | armarc |
| Topical term or geographic name entry element | Pintura abstracta |
| Geographic subdivision | México |
| Chronological subdivision | Siglo XX |
| Form subdivision | Catálogo de exposiciones |
| 700 1# - ADDED ENTRY--PERSONAL NAME | |
| Personal name | Paz, Alejandra de la, |
| Relator term | coordinador |
| 9 (RLIN) | 17428 |
| 710 1# - ADDED ENTRY--CORPORATE NAME | |
| Corporate name or jurisdiction name as entry element | Instituto Nacional de Bellas Artes |
| Relator term | editor |
| 942 ## - ADDED ENTRY ELEMENTS (KOHA) | |
| Source of classification or shelving scheme | Dewey Decimal Classification |
| Koha item type | Libro |
| Classification part | 700.9720904 |
| Item part | C33 |
| Withdrawn status | Lost status | Source of classification or shelving scheme | Damaged status | Not for loan | Collection code | Home library | Current library | Shelving location | Date acquired | Source of acquisition | Total Checkouts | Full call number | Barcode | Date last seen | Cost, replacement price | Price effective from | Koha item type |
|---|---|---|---|---|---|---|---|---|---|---|---|---|---|---|---|---|---|
| Dewey Decimal Classification | General | Biblioteca Karol Wojtyla | Biblioteca Karol Wojtyla | Sala general | 03/12/2013 | Donación | 700.9720904 C33 2023 | 46946 | 05/01/2026 | 0.00 | 03/12/2013 | Libro |